Properties of Concrete
Na minha lista:
| Autor principal: | |
|---|---|
| Formato: | Livro |
| Idioma: | inglês |
| Publicado em: |
Harlow :
Pearson Prentice Hall,
2010
|
| Tags: |
Sem tags, seja o primeiro a adicionar uma tag!
|
MARC
| LEADER | 00000nam a22000003a 4500 | ||
|---|---|---|---|
| 001 | stu219640 | ||
| 005 | 20150617230055.7 | ||
| 008 | 101220s2010----uk------------------eng-d | ||
| 020 | |a 0-582-23070-5 | ||
| 040 | |a STU |b slo | ||
| 041 | 0 | |a eng | |
| 044 | |a uk | ||
| 080 | |a 666.972.017:539.5 | ||
| 080 | |a 693.56 | ||
| 100 | 1 | |a Neville, A.M |4 aut | |
| 245 | 1 | |a Properties of Concrete | |
| 260 | |a Harlow : |b Pearson Prentice Hall, |c 2010 | ||
| 300 | |a 844 s | ||
| 996 | |c V*50926/O-22771 |l VV15 |s P |a 0 |w stu219640_0001 | ||